Every Denver Nuggets AllStar - Statistics

General Stats
  • This quiz has been taken 10 times
  • The average score is 8 of 14
Answer Stats
Year/Years Number of AllStars Player % Correct
2006,2007,2009,2010 4x Carmelo Anthony
100%
2018,2019,2020,2021,2022,2023,2024 7x Nikola Jokic
100%
1981,1982,1983,1984,1985,1986,1987,1988 8x Alex English
86%
2006,2007 2x Allen Iverson
86%
1976,1977,1978 3x David Thompson
71%
1991,1994,1995 3x Dikembe Mutombo
71%
1987,1989 2x Fat Lever
71%
1976 1x Dan Issel
57%
1982,1983 2x Kiki Vandeweghe
57%
2000 1x Antonio McDyess
29%
2008,2009 2x Chauncey Billups
29%
1976,1977 2x Bobby Jones
14%
1984 1x Calvin Natt
14%
1978 1x George McGinnis
14%
No matching quizzes found
Score Distribution
Percent of People with Each Score
Percentile by Number Answered
Your Score History
You have not taken this quiz